Statystyki dla Topowa 6 w Premier League

Kliknij tutaj aby rozwiązać quiz!

Ogólne statystyki

  • Ten quiz został rozwiązany 32 razy
  • Średni wynik to 5 z 6

Statystyki odpowiedzi

Klub% Poprawnych
3Arsenal
100%
1Manchester United
100%
5Manchester city
97%
4Chealsea
93%
2Liverpool
93%
6New castle
63%

Rozkład punktacji

Percentyl według liczby udzielonych odpowiedzi

Procent ludzi z każdym wynikiem

Twoja historia wyników

Nie rozwiązałeś tego quizu